000 00987nas a2200313 4500
001 BR2017001156
003 BR-BrBNA
005 20231205130920.0
007 ta
008 230509b bl.|||p| |||| 00| 00por d
040 _aBR-BrBNA
_bpor
_cBiblioteca Nacional de Agricultura
041 _a(En)
072 _aF08
100 1 _aCaron, B.O.
100 1 _aSchmidt, D.
100 1 _aBalbino, R.
100 1 _aBehling, A.
100 1 _aEloy, E.
100 1 _aElli, E.F.
245 1 _aEfficiency of the use of yerba mate solar radiation in intercropping or monocropping for the accumulation of carbon
650 _aMATE
650 _aCONSORCIAÇÃO DE CULTURA
650 _aCARBONO
650 _aRADIAÇÃO SOLAR
773 0 _tRevista Árvore (Brazil)
_xISSN 1806-9088
_g(Nov-Dec 2016), v. 40(6) p. 983-990
_wBR2017001156
856 4 0 _uhttp://www.scielo.br/pdf/rarv/v40n6/0100-6762-rarv-40-06-0983.pdf
909 _a202311
_bLúcia
_c55
_dLúcia Elande
942 _2AGRIS
_n0
_cANA
999 _c252017
_d252017